000 01315nam a2200337 i 4500
001 bg
003 BPK
005 20191010143445.0
008 020219s1977 pl |000 0 pol
015 _aPB 1977/6800
040 _aWA N
_cBPK
041 0 _apol
_brus
_beng
080 _a001(438)
080 _a351.85(438)
100 1 _aKnosala, Ernest
_d(1948-2012)
_eAutor
245 1 0 _aZarządzanie badaniami naukowymi :
_bstudium z prawa administracyjnego /
_cErnest Knosala.
260 _aWarszawa ;
_aPoznań :
_bPańst. Wydaw. Naukowe,
_c1977.
300 _a144, [3] s. ;
_c20 cm.
490 1 _aMonografie i Studia / Ministerstwo Nauki, Szkolnictwa Wyższego i Techniki. Instytut Polityki Naukowej i Szkolnictwa Wyższego. Zakład Organizacji i Zarządzania.
546 _aStreszcz. ros., ang.
650 4 _aAdministracja
650 4 _aPrawo administracyjne
650 4 _aNauka
650 4 _aOrganizacja
658 _aNauka i badania
658 _aPrawo i wymiar sprawiedliwości
658 _aPolityka, politologia, administracja publiczna
830 0 _aMonografie i Studia - Instytut Polityki Naukowej i Szkolnictwa Wyższego.
856 _uhttp://koha.tu.koszalin.pl/cgi-bin/koha/opac-detail.pl?biblionumber=27022
_yKatalog online BPK
942 _2UKD
_cKS
999 _c27022
_d27022